Phân công, phối hợp giữa các cơ quan trong thực hiện các quyền lập pháp, hành pháp và tư pháp ở Việt Nam (Sách chuyên khảo, tham khảo)
Đã lưu trong:
| 主要作者: | |
|---|---|
| 格式: | 圖書 |
| 出版: |
HN.
Chính trị Quốc gia-Sự thật
2013
|
| 標簽: |
添加標簽
沒有標簽, 成為第一個標記此記錄!
|
| Thư viện lưu trữ: | Trung tâm Học liệu Lê Vũ Hùng, Trường Đại học Đồng Tháp |
|---|
| LEADER | 00714pam a22001698a 4500 | ||
|---|---|---|---|
| 001 | 00039017 | ||
| 005 | 20171026081025.0 | ||
| 008 | 170517s2013 ||||||Viesd | ||
| 041 | 0 | # | |a Vie |
| 082 | 1 | 4 | |a 330.12 |b PH121C |
| 100 | 1 | # | |a Cao Anh Đô |
| 245 | 1 | 0 | |a Phân công, phối hợp giữa các cơ quan trong thực hiện các quyền lập pháp, hành pháp và tư pháp ở Việt Nam |b (Sách chuyên khảo, tham khảo) |c Cao Anh Đô |
| 260 | # | # | |a HN. |b Chính trị Quốc gia-Sự thật |c 2013 |
| 300 | # | # | |a 230 tr. |c 21 cm |
| 852 | # | # | |b Kho đọc |j KD.1000867 |
| 910 | |d 17/05/2017 | ||
| 980 | # | # | |a Trung tâm Học liệu Lê Vũ Hùng, Trường Đại học Đồng Tháp |